Detalles MARC
| 000 -LÍDER |
| Campo fijo de descripción fija |
01773nam a2200457 c 4500 |
| 001 - NÚMERO DE CONTROL |
| Campo de control |
a5647652 |
| 003 - IDENTIFICADOR DEL NÚMERO DE CONTROL |
| Campo de control |
SpMaBN |
| 005 - FECHA Y HORA DE LA ULTIMA TRANSACCIÓN |
| control field |
20180622072745.0 |
| 008 - ELEMENTOS DE LONGITUD FIJA -- INFORMACIÓN GENERAL |
| Campo fijo de descripción fija -- Información general |
150521s2015 sp | |||| 000 0 spa |
| 017 ## - COPYRIGHT OR LEGAL DEPOSIT NUMBER |
| Copyright or legal deposit number |
M 6005-2015 |
| Assigning agency |
Oficina Depósito Legal Madrid |
| 020 ## - NÚMERO INTERNACIONAL NORMALIZADO PARA LIBROS |
| Número Internacional Normalizado del libro |
9788422018018 |
| 040 ## - FUENTE DE CATALOGACIÓN |
| Agencia de catalogación original |
SpMaBN |
| Idioma de catalogación |
spa |
| Agencia que realiza la transcripción |
CO-MdFUSB |
| Convenciones de la descripción |
rdc |
| Agencia que realiza la modificación |
CO-MdFUSBC |
| 041 1# - CÓDIGO DE IDIOMA |
| Código de idioma para texto/pista de sonido o título separado |
spa |
| Código de idioma original |
ita |
| 080 ## - UNIVERSAL DECIMAL CLASSIFICATION NUMBER |
| Universal Decimal Classification number |
173 |
| 080 ## - UNIVERSAL DECIMAL CLASSIFICATION NUMBER |
| Universal Decimal Classification number |
272-45 |
| 082 ## - NÚMERO DE CLASIFICACIÓN DECIMAL DEWEY |
| Número de la edición del Dewey |
24 |
| Número de clasificación |
G 179.7 |
| Clave de autor-Numero de item |
B612c |
| 100 1# - ASIENTO PRINCIPAL--NOMBRE PERSONAL |
| Nombre personal |
Binetti, Paola |
| Fechas asociadas con el nombre |
1943- |
| Código del relacionador |
autor |
| 240 13 - TITULO UNIFORME |
| Título uniforme |
<a href="La questione bioetica nel contesto della vita familiare">La questione bioetica nel contesto della vita familiare</a> |
| 245 10 - TÍTULO |
| Título del Material |
Cuestiones bioéticas en el contexto de la vida familiar : |
| Parte restante del título - Subtitulo |
raíces y problemas actuales |
| Mención de responsabilidad, etc. |
Paola Binetti ; [prólogo, Mario Iceta ; traducción de Félix Menéndez Díaz] |
| 264 #1 - PRODUCCIÓN, PUBLICACIÓN, DISTRIBUCIÓN, MANUFACTURA, Y COPYRIGHT |
| Lugar de producción, publicación, distribución, manufactura |
Madrid : |
| Nombre del productor, publicador, distribuidor |
Biblioteca de Autores Cristianos, |
| Fecha de producción, publicación, distribución, manufactura, o copyright |
℗ [2015] |
| 264 #4 - PRODUCCIÓN, PUBLICACIÓN, DISTRIBUCIÓN, MANUFACTURA, Y COPYRIGHT |
| Fecha de producción, publicación, distribución, manufactura, o copyright |
©2015 |
| 300 ## - DESCRIPCIÓN FÍSICA |
| Extensión |
300 p. |
| Dimensiones |
;20 cm |
| Otros detalles físicos |
: |
| 336 ## - TIPO DE CONTENIDO |
| Término de tipo de contenido |
|
| Fuente |
rdacontent |
| Código de tipo de contenido |
|
| 337 ## - TIPO DE MEDIO |
| Nombre del tipo de medio |
|
| Fuente |
rdamedia |
| Código del tipo de medio |
|
| 338 ## - TIPO DE SOPORTE |
| Fuente |
rdacarrier |
| Nombre del tipo de soporte |
|
| Código Tipo de soporte |
|
| 490 0# - MENCIÓN DE SERIE |
| Mención de serie |
Estudios y ensayos BAC |
| -- |
Pastoral |
| 504 ## - NOTA DE BIBLIOGRAFÍA, ETC. |
| Nota de bibliografía, etc |
Incluye referencias bibliográficas |
| 505 ## - NOTA DE CONTENIDO |
| Título |
Familia y contexto social |
| -- |
Aspectos éticos de la formación de la familia |
| 505 ## - NOTA DE CONTENIDO |
| Información miscelánea |
El |
| Título |
Desafío de la complejidad entre trabajo y familia |
| 505 ## - NOTA DE CONTENIDO |
| Información miscelánea |
La |
| Título |
Familia, más allá de los cambios sociales |
| 534 ## - NOTA DE VERSION ORIGINAL |
| Publicación, distribución, etc. del original |
La quiestione bioetica nel contesto della vita familiare |
| Frase introductoria |
Traducción del original italiano: |
| 563 ## - NOTA DE ENCUADERNACIÓN |
| Nota de encuadernación |
rústico |
| 650 #0 - ASIENTO SECUNDARIO DE MATERIA - TERMINO TEMÁTICO |
| Término temático o nombre geográfico como elemento de entrada |
Familias |
| Subdivisión general |
Aspectos morales |
| Fuente del encabezamiento o término |
embne |
| 9 (RLIN) |
292 |
| 650 #7 - ASIENTO SECUNDARIO DE MATERIA - TERMINO TEMÁTICO |
| Término temático o nombre geográfico como elemento de entrada |
Familias |
| Subdivisión general |
Aspectos religiosos |
| -- |
Iglesia Católica |
| Fuente del encabezamiento o término |
embne |
| 700 ## - ASIENTO SECUNDARIO - NOMBRE PERSONAL |
| 9 (RLIN) |
779 |
| Nombre personal |
Menéndez Díaz, Félix |
| Responsabilidad |
traductor |
| 700 1# - ASIENTO SECUNDARIO - NOMBRE PERSONAL |
| 9 (RLIN) |
777 |
| Nombre personal |
Iceta Gavicagogeascoa, Mario |
| Fechas asociadas con el nombre |
1965- |
| Responsabilidad |
prólogo |
| 942 ## - TIPO DE MATERIAL (KOHA) |
| Tipo de Item KOHA |
Libros General |
| 956 ## - LOCAL ELECTRONIC LOCATION AND ACCESS (OCLC) |
| Host name |
2 |